| 000 | 00366cam a2200145ua 4500 | ||
|---|---|---|---|
| 041 |
_aeng _h |
||
| 082 |
_a822 _bDAN/WI |
||
| 100 | _aDane , Clemence . | ||
| 245 |
_aWill Shakespeare / _cClemence Dane. _hTextual Documents |
||
| 260 |
_aLondon : _bHeinemann Educational Books Ltd. , _c1960. |
||
| 300 | _a148 ; . | ||
| 504 | _a | ||
| 942 | _cBK | ||
| 999 |
_c5817 _d5817 |
||